000 003280000a22001450004500
003 MACL
040 _aMACL
090 _c8106
_d8105
100 _aJoseph, Siby K
245 _aExplorations in Culture of Peace
260 _bInstitute of Gandhian Studies
_c2006
350 _a300
650 _aSocial Sciences
942 _cBOOK
_k300
999 _c8056
_d8056